LEADER 01198nam0 22003493i 450 001 CAG1768495 005 20170908093306.0 010 $a9788806201159 100 $a20160613d2010 ||||0itac50 ba 101 | $aita 102 $ait 181 1$6z01$ai $bxxxe 182 1$6z01$an 200 1 $a˜Il œnarratore ambulante$fMario Vargas Llosa$gtraduzione di Angelo Morino 210 $aTorino$cEinaudi$d2010 215 $a224 p.$d19 cm 225 | $aET$v1633 410 0$1001CFI0626608$12001 $aET$v1633 500 10$a˜El œhablador.$3CFI0162746$9CFIV010589$954399 606 $anarrativa spagnola$2FIR$3NAPC230047$9I 676 $a863.6$9$v21 700 1$aVargas Llosa$b, Mario$3CFIV010589$0152484 702 1$aMorino$b, Angelo$3CFIV011742$4730 790 1$aLlosa$b, Mario$3SBNV029115$zVargas Llosa, Mario 790 1$aVargas Llosa$b, Jorge Mario Pedro$3SBNV029116$zVargas Llosa, Mario 801 3$aIT$bIT-NA0079$c20160613 850 $aIT-NA0299 912 $aCAG1768495 950 0$aBiblioteca comunale di Afragola$d AGIV B.8.1$e AG 0000267325 $fB $h20151112$i20151112 977 $a AG 996 $aHablador$954399 997 $aUNISANNIO LEADER 01255nam a2200289 i 4500 001 991002814119707536 008 150728s1987 ctub b 001 0 eng 020 $a0300027281 035 $ab14236527-39ule_inst 040 $aDip.to di Storia, Società e Studi sull'Uomo$bita 041 1 $aeng$hfre 082 04$a944.042 100 1 $aCobb, Richard$0153926 240 10$aArmées révolutionnaires.$lEnglish$948840 245 14$aThe people's armies :$bthe armées révolutionnaires, instrument of the terror in the departments, April 1793 to floreal year II /$cRichard Cobb ; translated by Marianne Elliott 260 $aNew Haven :$bYale university press,$c1987 300 $aXIV, 776 p. :$bc. geogr. :$b ;$c25 cm. 500 $aTraduzione di: Armées révolutionnaires 504 $aInclude bibliografia e indice 650 4$aRivoluzione francese$xStoria$y1789-1799 651 4$aFrancia$xStoria$xRivoluzione$y1793-1795 907 $a.b14236527$b07-08-15$c28-07-15 912 $a991002814119707536 945 $aLE023 944.042 COB 1 1 $g1$i2023000139196$lle023$op$pE125.00$q $rn$so $t0$u0$v0$w0$x0$y.i15688707$z28-07-15 996 $aArmées révolutionnaires$948840 997 $aUNISALENTO 998 $ale023$b28-07-15$cm$da $e-$feng$gctu$h4$i0